Modest activity for mortgage market in April (Record no. 83208)

MARC details
000 -LEADER
fixed length control field 00805cad a22001815a 4500
001 - CONTROL NUMBER
control field L153158
008 - FIXED-LENGTH DATA ELEMENTS--GENERAL INFORMATION
fixed length control field 110616e20110614xxk 000 0 eng d
035 ## - SYSTEM CONTROL NUMBER
System control number (Sirsi) u153158
041 0# - LANGUAGE CODE
Language code of text/sound track or separate title eng
245 00 - TITLE STATEMENT
Title Modest activity for mortgage market in April
Medium [electronic resource]
490 ## - SERIES STATEMENT
Series statement CML Press Release
Volume/sequential designation 14 June 2011
520 ## - SUMMARY, ETC.
Summary, etc. Loans for house price purchase increased in April 2011. Predicts a lull in house price completions during the rest of 2011 based on Bank of England data showing a fall in house purchase approvals in April 2011
590 ## - LOCAL NOTE (RLIN)
Local note KA
651 #4 - SUBJECT ADDED ENTRY--GEOGRAPHIC NAME
Geographic name ENGLAND AND WALES
690 ## - LOCAL SUBJECT ADDED ENTRY--TOPICAL TERM (OCLC, RLIN)
Topical term or geographic name as entry element PROPERTY-RESIDENTIAL PROPERTY-RESIDENTIAL PROPERTY MARKET
856 40 - ELECTRONIC LOCATION AND ACCESS
Uniform Resource Identifier <a href="https://live.cml.netxtra.net/cml/media/press/2938">https://live.cml.netxtra.net/cml/media/press/2938</a>
Public note View this item free of charge at live.cml.netxtra.net
942 ## - ADDED ENTRY ELEMENTS (KOHA)
Suppress in OPAC 0
Holdings
Withdrawn status Lost status Source of classification or shelving scheme Damaged status Not for loan Home library Current library Shelving location Date acquired Total Checkouts Full call number Barcode Date last seen Copy number Price effective from Koha item type
    Dewey Decimal Classification     Virtual Virtual Online 16/06/2011   ONLINE PUBLICATION 153158-2001 06/08/2019 1 06/08/2019 Journal article